[Event "Offene Hessische Senioren Einzelmeisters"]
[Site "Bad Sooden- Allendorf"]
[Date "2013.04.22"]
[Round "3.26"]
[White "Busic, Nedjeljko"]
[Black "Kripp, Wolfgang"]
[Result "0-1"]
[WhiteElo "1877"]
[BlackElo "1982"]
[Annotator ",Microsoft"]
[PlyCount "71"]
[EventDate "2013.??.??"]
[WhiteTeam "SC Bad Nauheim"]
[BlackTeam "SAbt SG 1945 Dietzenbach"]

1. e4 Nf6 2. d3 e5 3. Nf3 Nc6 4. Bg5 d5 5. Nbd2 Be7 6. Bxf6 Bxf6 7. exd5 Qxd5
8. Be2 Bf5 9. O-O Rd8 10. Nc4 Qe6 11. Ne3 Bg6 12. Qc1 O-O 13. Re1 Rfe8 14. Nd2
Be7 15. Bf3 b6 16. Nec4 f6 17. Ne3 Nd4 18. Bd1 Kh8 19. Nf3 f5 20. Nf1 Bf6 21.
Ng3 c5 22. a4 a5 23. Ng5 Qe7 24. Nf3 Qd6 25. Nd2 Qc7 26. Nc4 Bf7 27. c3 f4 28.
Ne4 Nc6 29. Bc2 Rg8 30. f3 Bd5 31. Ned2 Qf7 32. Re2 Ne7 33. Qe1 Nf5 34. Qf1 Ne3
35. Rxe3 fxe3 36. Ne4 {Rest nicht rekonstruierbar} 0-1

[Event "Offene Hessische Senioren Einzelmeisters"]
[Site "Bad Sooden- Allendorf"]
[Date "2013.04.22"]
[Round "3.27"]
[White "Scheide, Helmut"]
[Black "Schneider, Alexander"]
[Result "0-1"]
[WhiteElo "1824"]
[BlackElo "1974"]
[Annotator ",Microsoft"]
[PlyCount "40"]
[EventDate "2013.??.??"]
[WhiteTeam "USV Potsdam e.V., Abt. Schach"]
[BlackTeam "Wilhelmshavener SC von 1887 e. V"]

1. Nf3 g6 2. d4 f5 3. c4 Bg7 4. Nc3 Nf6 5. g3 O-O 6. Bg2 c6 7. O-O d6 8. Bg5 h6
9. Bxf6 Bxf6 10. e4 Qc7 11. Rc1 e5 12. Re1 exd4 13. Nxd4 Qb6 14. Nb3 Be5 15.
Qe2 $11 f4 16. c5 dxc5 17. Qc4+ Kh7 18. Nxc5 fxg3 19. hxg3 Qd8 20. Rcd1 Qe7 0-1

[Event "Offene Hessische Senioren Einzelmeisters"]
[Site "Bad Sooden- Allendorf"]
[Date "2013.04.22"]
[Round "3.27"]
[White "Scheide, Helmut"]
[Black "Schneider, Alexander"]
[Result "0-1"]
[WhiteElo "1824"]
[BlackElo "1974"]
[Annotator ",Microsoft"]
[PlyCount "74"]
[EventDate "2013.??.??"]
[WhiteTeam "USV Potsdam e.V., Abt. Schach"]
[BlackTeam "Wilhelmshavener SC von 1887 e. V"]

1. Nf3 g6 2. d4 f5 3. c4 Bg7 4. Nc3 Nf6 5. g3 O-O 6. Bg2 c6 7. O-O d6 8. Bg5 h6
9. Bxf6 Bxf6 10. e4 Qc7 11. Rc1 e5 12. Re1 exd4 13. Nxd4 Qb6 14. Nb3 Be5 15.
Qe2 $11 f4 16. c5 dxc5 17. Qc4+ Kh7 18. Nxc5 fxg3 19. hxg3 Qd8 20. Rcd1 Qe7 21.
Nd3 Be6 22. Qc5 Bd6 23. Qe3 Nd7 24. e5 Bc7 25. Rd2 Bb6 26. Qe4 Qg5 27. Nf4 Rae8
28. Na4 Bd5 29. Rxd5 cxd5 30. Qxd5 Nxe5 31. Rc1 Rxf4 32. gxf4 Qxf4 33. Qxb7+
Kh8 34. Nxb6 Qxc1+ 35. Bf1 axb6 36. Qxb6 Qg5+ 37. Kh1 Nf3 0-1

[Event "Offene Hessische Senioren Einzelmeisters"]
[Site "Bad Sooden- Allendorf"]
[Date "2013.04.22"]
[Round "3.28"]
[White "Limberg, Siegfried"]
[Black "Micheel, Peter"]
[Result "0-1"]
[WhiteElo "1970"]
[BlackElo "1751"]
[PlyCount "72"]
[EventDate "2013.??.??"]
[WhiteTeam "Sfr. Taunus Königstein/Schwalbac"]
[BlackTeam "SSC Graal-Müritz"]

1. d4 d5 2. Nf3 Nf6 3. e3 c5 4. c3 e6 5. Bd3 Be7 6. Nbd2 Nc6 7. O-O O-O 8. Qe2
Qc7 9. dxc5 Bxc5 10. e4 Ng4 11. h3 Nge5 12. exd5 exd5 13. Nb3 Bd6 14. Bc2 Be6
15. Nfd4 Nxd4 16. Nxd4 Bd7 17. Qh5 g6 18. Qd1 a6 19. f4 Nc6 20. Ne2 Ne7 21. Be3
Bc5 22. Qd2 Nf5 23. Bxf5 Bxf5 24. Bxc5 Qxc5+ 25. Nd4 Rfe8 26. Kh1 Re4 27. Rad1
Rd8 28. g4 Bd7 29. f5 Bb5 30. Rf2 Rde8 31. b4 Qd6 32. Rg1 Re3 33. Rh2 Bd3 34.
Rc1 Be4+ 35. Kg1 Qg3+ 36. Rg2 Bxg2 0-1

[Event "Offene Hessische Senioren Einzelmeisters"]
[Site "Bad Sooden- Allendorf"]
[Date "2013.04.22"]
[Round "3.29"]
[White "Merettig, Georg"]
[Black "Rychlik, Kurt"]
[Result "0-1"]
[WhiteElo "1727"]
[BlackElo "1970"]
[PlyCount "75"]
[EventDate "2013.??.??"]
[WhiteTeam "SV Caissa Wolfenbüttel"]
[BlackTeam "SV Berenbostel"]

1. Nc3 d5 2. e4 d4 3. Nce2 e5 4. d3 Nf6 5. f4 Nc6 6. Nf3 exf4 7. Bxf4 Be7 8.
Ng3 O-O 9. Be2 Re8 10. O-O h6 11. c3 Bd6 12. Bxd6 Qxd6 13. e5 Nxe5 14. Nxd4
Neg4 15. Rf3 c5 16. Nc2 Bd7 17. h3 Ne5 18. Re3 Nd5 19. Re4 f5 20. d4 fxe4 21.
Nxe4 Qc7 22. dxe5 Rxe5 23. Bc4 Be6 24. Ne3 Rd8 25. Qb3 Kh8 26. Nxd5 Bxd5 27.
Bxd5 Rexd5 28. Rf1 c4 29. Qc2 b5 30. Nf2 Rd2 31. Qf5 Qd7 32. Qc5 Qb7 33. g4 Qf3
34. g5 Qg3+ 35. Kh1 Qxg5 36. Qxg5 hxg5 37. Kg1 Rxb2 38. Ne4 0-1

[Event "Offene Hessische Senioren Einzelmeisters"]
[Site "Bad Sooden- Allendorf"]
[Date "2013.04.22"]
[Round "3.30"]
[White "Pajcin, Dr. Jovan"]
[Black "Heinzel, Peter"]
[Result "0-1"]
[WhiteElo "1722"]
[BlackElo "1970"]
[PlyCount "64"]
[EventDate "2013.??.??"]
[WhiteTeam "Philidor Leiden"]
[BlackTeam "SC Mülheim 08/25 e.V."]

1. e4 c6 2. Nf3 d5 3. e5 Bg4 4. Be2 Nd7 5. d4 e6 6. O-O Ne7 7. Ng5 Bxe2 8. Qxe2
Ng6 9. f4 Ne7 10. g4 h6 11. Nxf7 Kxf7 12. f5 Qe8 13. Nd2 Nb6 14. Nf3 Kg8 15.
Nh4 Qf7 16. Qd3 Nd7 17. Bd2 exf5 18. gxf5 Qh5 19. f6 gxf6 20. exf6 Nxf6 21.
Rxf6 Qxh4 22. Rf4 Qh5 23. Kh1 Rh7 24. Re1 Rf7 25. Rg1+ Rg7 26. Rgf1 Rg6 27. Bb4
Re6 28. Qg3+ Bg7 29. Bxe7 Rxe7 30. Rh4 Qe2 31. Rg1 Rf8 32. Rxh6 Qe4+ 0-1

[Event "Offene Hessische Senioren Einzelmeisters"]
[Site "Bad Sooden- Allendorf"]
[Date "2013.04.22"]
[Round "3.31"]
[White "Kopp, Peter"]
[Black "Berger, Volkmar"]
[Result "1-0"]
[WhiteElo "1964"]
[BlackElo "1547"]
[PlyCount "53"]
[EventDate "2013.??.??"]
[WhiteTeam "SV 1920 Hofheim"]
[BlackTeam "BSV-KW Jänschwalde 94 e.V."]

1. e4 c5 2. c3 Nc6 3. d4 cxd4 4. cxd4 d6 5. Nf3 g6 6. Nc3 Bg7 7. h3 Nf6 8. Bd3
O-O 9. O-O Qb6 10. d5 Nb4 11. Be3 Qa5 12. Be2 Nd7 13. a3 Na6 14. Bd2 Nab8 15.
b4 Qd8 16. Rc1 Ne5 17. Nb5 Nxf3+ 18. Bxf3 Nd7 19. Be3 b6 20. Be2 f5 21. Nc7 Bb7
22. Ne6 Qb8 23. Nxf8 Qxf8 24. Rc7 Bc8 25. exf5 Ne5 26. f4 Nf7 27. fxg6 1-0

[Event "Offene Hessische Senioren Einzelmeisters"]
[Site "Bad Sooden- Allendorf"]
[Date "2013.04.22"]
[Round "3.32"]
[White "Mertens, Gottfried"]
[Black "Petzold, Dr. Hans"]
[Result "0-1"]
[WhiteElo "1721"]
[BlackElo "1964"]
[PlyCount "64"]
[EventDate "2013.??.??"]
[WhiteTeam "SK Weinheim 1911 e.V."]
[BlackTeam "USV TU Dresden"]

1. f4 Nf6 2. Nf3 d5 3. g3 c5 4. Bg2 Nc6 5. d3 g6 6. c3 Bg7 7. O-O O-O 8. Qe1 d4
9. e4 dxe3 10. Qxe3 Qd6 11. Na3 Ng4 12. Qe2 Bf5 13. Rd1 Rad8 14. Ne1 h5 15. Nc4
Qd7 16. Ne3 Nxe3 17. Bxe3 b6 18. Rd2 e5 19. Rad1 Rfe8 20. Qf2 Qe6 21. Nf3 exf4
22. Bxf4 Qxa2 23. Ng5 Ne5 24. Bxe5 Bxe5 25. Be4 Bf6 26. Bxf5 Bxg5 27. Re2 Rxe2
28. Qxe2 gxf5 29. Qxh5 Be3+ 30. Kf1 Qd5 31. Ke2 Re8 32. Rf1 Qg2+ 0-1

[Event "Offene Hessische Senioren Einzelmeisters"]
[Site "Bad Sooden- Allendorf"]
[Date "2013.04.22"]
[Round "3.33"]
[White "Krebs, Dietmar"]
[Black "Piastowski, Kurt"]
[Result "1/2-1/2"]
[WhiteElo "1960"]
[BlackElo "1709"]
[PlyCount "97"]
[EventDate "2013.??.??"]
[WhiteTeam "Kölner SK Dr. Lasker 186"]
[BlackTeam "SC Turm Lüneburg e.V."]

1. e4 d6 2. d4 Nf6 3. Nc3 c6 4. f4 Qa5 5. Bd3 e5 6. fxe5 dxe5 7. dxe5 Qxe5 8.
Nf3 Qc7 9. Qe2 Bb4 10. Bd2 Bg4 11. a3 Ba5 12. b4 Bb6 13. Be3 Nbd7 14. Qf2 Bxe3
15. Qxe3 O-O 16. O-O Rfe8 17. Rae1 Qb6 18. Kh1 Qxe3 19. Rxe3 Nd5 20. Nxd5 cxd5
21. Ree1 Nf6 22. exd5 Nxd5 23. Be4 Be6 24. Ng5 h6 25. Nxe6 fxe6 26. c4 Nb6 27.
c5 Nd5 28. Rf3 a5 29. b5 Rac8 30. c6 bxc6 31. bxc6 Nf6 32. Rc3 Nxe4 33. Rxe4
Red8 34. Kg1 Kf7 35. Re5 Rd5 36. Rxd5 exd5 37. Rc5 Ke6 38. Kf2 Kd6 39. Rxa5
Rxc6 40. Ra7 g5 41. h3 d4 42. Ra5 Rc2+ 43. Kf3 d3 44. g4 Rh2 45. Ke4 d2 46.
Rd5+ Ke6 47. Rd3 Rxh3 48. Rxd2 Rxa3 49. Rh2 1/2-1/2

[Event "Offene Hessische Senioren Einzelmeisters"]
[Site "Bad Sooden- Allendorf"]
[Date "2013.04.22"]
[Round "3.34"]
[White "Geisler, Reinhard"]
[Black "Biller, Dr. Helmut"]
[Result "0-1"]
[WhiteElo "1697"]
[BlackElo "1959"]
[PlyCount "104"]
[EventDate "2013.??.??"]
[WhiteTeam "SK Werther 1949 e.V."]
[BlackTeam "Sfr. Frankfurt 1921"]

1. Nf3 Nf6 2. c4 c6 3. d4 d5 4. Qc2 dxc4 5. Qxc4 Bf5 6. Nc3 e6 7. g3 h6 8. Bg2
Nbd7 9. O-O Be7 10. Rd1 O-O 11. Bf4 Nd5 12. a3 Nxc3 13. bxc3 Be4 14. Nd2 Bxg2
15. Kxg2 Nb6 16. Qb3 Bd6 17. Bxd6 Qxd6 18. Nf3 Qd5 19. Rab1 Rab8 20. Kg1 Nc4
21. Nd2 Nd6 22. a4 b5 23. Qc2 f5 24. Re1 Nc4 25. Nxc4 Qxc4 26. Rb4 Qd5 27. axb5
cxb5 28. c4 Qxd4 29. Rxb5 Rbc8 30. Rd1 Qxc4 31. Qxc4 Rxc4 32. Ra5 Rc7 33. Ra6
Re8 34. Kg2 Kf7 35. h4 g6 36. f4 g5 37. hxg5 hxg5 38. Ra4 Kf6 39. Rd3 g4 40.
Rd2 Rh8 41. Ra6 Re8 42. Rdd6 Ree7 43. Kf2 Rc4 44. Ra1 Rh7 45. Kg2 Re4 46. Ra2
a5 47. Rd3 a4 48. e3 Rb7 49. Kf2 Rb1 50. Rc2 Reb4 51. Rdd2 a3 52. Ke2 R4b2 0-1

[Event "Offene Hessische Senioren Einzelmeisters"]
[Site "Bad Sooden- Allendorf"]
[Date "2013.04.22"]
[Round "3.35"]
[White "Kirchberg, Hans-Georg"]
[Black "Essegern, Dr. Kurt"]
[Result "1/2-1/2"]
[WhiteElo "1597"]
[BlackElo "1952"]
[PlyCount "66"]
[EventDate "2013.??.??"]
[WhiteTeam "SK Dingelstädt 1921"]
[BlackTeam "Randspringer Bad Salzungen"]

1. d4 Nf6 2. Bg5 Ne4 3. h4 d5 4. Nd2 Nxg5 5. hxg5 Bf5 6. e3 e6 7. Ngf3 Be7 8.
Ne5 Bxg5 9. g4 Be4 10. Nxe4 dxe4 11. Bg2 Nd7 12. Nxd7 Qxd7 13. Bxe4 c6 14. Qd3
h6 15. O-O-O O-O-O 16. Qc3 Kb8 17. Kb1 f5 18. gxf5 exf5 19. Bg2 Bf6 20. Qd3 g5
21. c3 h5 22. e4 f4 23. Qf3 Qf7 24. Bh3 Qc7 25. Bf5 g4 26. Qd3 c5 27. d5 c4 28.
Qd2 Be5 29. Rh4 Qe7 30. Rdh1 Qg5 31. Qd1 f3 32. Qa4 Qd2 33. Qc2 Qg5 1/2-1/2

[Event "Offene Hessische Senioren Einzelmeisters"]
[Site "Bad Sooden- Allendorf"]
[Date "2013.04.22"]
[Round "3.36"]
[White "Bendisch, Dr. Jürgen"]
[Black "Baum, Bernd"]
[Result "0-1"]
[WhiteElo "1701"]
[BlackElo "2232"]
[PlyCount "96"]
[EventDate "2013.??.??"]
[WhiteTeam "SV Hennef 1927 e.V."]
[BlackTeam "SV Empor Erfurt"]

1. d4 Nf6 2. c4 e6 3. Nf3 d5 4. Nc3 c6 5. e3 Nbd7 6. Bd3 dxc4 7. Bxc4 b5 8. Bd3
Bd6 9. Ne4 Nxe4 10. Bxe4 Bb7 11. Bd2 O-O 12. O-O f5 13. Bd3 e5 14. dxe5 Nxe5
15. Be2 Qc7 16. g3 Kh8 17. Qc2 a6 18. Nxe5 Bxe5 19. Bf3 Rac8 20. Bc3 Bxc3 21.
Qxc3 c5 22. Bxb7 Qxb7 23. Rad1 c4 24. Rd6 Rfd8 25. Rfd1 Qc7 26. Qe5 Rxd6 27.
Qxd6 Qxd6 28. Rxd6 a5 29. Kf1 g6 30. Rd5 b4 31. Ke2 a4 32. Kd1 c3 33. bxc3 Rxc3
34. Rd2 Kg7 35. Rb2 Ra3 36. Kc2 Rxa2 37. Rxa2 b3+ 38. Kb2 bxa2 39. Kxa2 Kf6 40.
Ka3 Ke5 41. f3 Kd5 42. Kxa4 Kc4 43. e4 fxe4 44. fxe4 Kd4 45. e5 Kxe5 46. Kb4
Kf5 47. h3 Ke4 48. Kc5 Kf3 0-1

[Event "Offene Hessische Senioren Einzelmeisters"]
[Site "Bad Sooden- Allendorf"]
[Date "2013.04.22"]
[Round "3.37"]
[White "Mayeres, Hans-Christian"]
[Black "Lindner, Jan-Joost"]
[Result "0-1"]
[WhiteElo "1690"]
[BlackElo "2159"]
[PlyCount "34"]
[EventDate "2013.??.??"]
[WhiteTeam "SK Recklinghausen Altsta"]
[BlackTeam "DD Den Haag"]

1. c4 f5 2. Nf3 Nf6 3. Nc3 e6 4. g3 Bb4 5. Bg2 Bxc3 6. bxc3 O-O 7. O-O d6 8. d3
e5 9. Rb1 Nc6 10. Bg5 Rb8 11. Ne1 Qe8 12. Nc2 Bd7 13. Nb4 Nxb4 14. cxb4 Qh5 15.
Bd2 f4 16. e3 Bg4 17. Bf3 Bxf3 0-1

[Event "Offene Hessische Senioren Einzelmeisters"]
[Site "Bad Sooden- Allendorf"]
[Date "2013.04.22"]
[Round "3.38"]
[White "Kolkwitz, Klaus"]
[Black "Haselhorst, Helmut"]
[Result "1/2-1/2"]
[WhiteElo "1658"]
[BlackElo "2003"]
[PlyCount "112"]
[EventDate "2013.??.??"]
[WhiteTeam "ESV 1949 Eberswalde e.V."]
[BlackTeam "SK Ostbevern/Westbevern"]

1. d4 Nf6 2. Bf4 g6 3. e3 Bg7 4. Nf3 O-O 5. Nbd2 d6 6. Be2 Nbd7 7. O-O Qe8 8.
h3 e5 9. dxe5 dxe5 10. Bh2 Qe7 11. c3 h6 12. Qc2 Nh7 13. Bc4 Kh8 14. e4 Re8 15.
b4 Ndf8 16. Ne1 Ng5 17. f4 exf4 18. Bxf4 Nfe6 19. Bg3 Bd7 20. Nef3 Rf8 21. Ne5
Be8 22. Rf2 Nxh3+ 23. gxh3 Qg5 24. Ng4 h5 25. Bxe6 hxg4 26. Bxg4 f5 27. exf5
gxf5 28. Rxf5 Rxf5 29. Qxf5 Qxd2 30. Re1 Kg8 31. Bf3 Bf7 32. Rf1 Qxc3 33. Be1
Qd4+ 34. Kg2 Re8 35. Bxb7 Bxa2 36. Rf4 Qd6 37. Bf2 Rf8 38. Qc2 Qxf4 39. Qxa2+
Kh8 40. Qxa7 Qxb4 41. Bf3 Qf4 42. Qe3 Qxe3 43. Bxe3 Be5 44. Kf2 Kg7 45. Ke2 Kf6
46. Kd3 Ke6 47. Bg4+ Kd5 48. h4 c5 49. h5 c4+ 50. Kc2 Ke4 51. Bc5 Rf1 52. Be2
Rh1 53. Bxc4 Rxh5 54. Kb3 Rh2 55. Kb4 Rb2+ 56. Bb3 Kd3 1/2-1/2

[Event "Offene Hessische Senioren Einzelmeisters"]
[Site "Bad Sooden- Allendorf"]
[Date "2013.04.22"]
[Round "3.39"]
[White "Gerhardt, Peter-Michael"]
[Black "Scholze, Roland"]
[Result "1/2-1/2"]
[WhiteElo "1975"]
[BlackElo "1686"]
[Annotator ",Microsoft"]
[PlyCount "115"]
[EventDate "2013.??.??"]
[WhiteTeam "SC Vahr"]
[BlackTeam "SV Lok Dresden"]

1. d4 e6 2. c4 b6 3. Nf3 Bb7 4. e3 Nf6 5. Be2 d5 6. cxd5 Bxd5 7. O-O Nbd7 8.
Nc3 Bb7 9. b3 Be7 10. Bb2 O-O 11. Rc1 c5 12. dxc5 Nxc5 13. Qc2 Rc8 14. Rfd1 Qc7
15. Nb5 Qb8 16. Be5 Qa8 17. Nc7 Be4 18. Nxa8 Bxc2 19. Rxc2 Rxa8 20. Nd4 Ncd7
21. Bg3 Rac8 22. Rdc1 Rxc2 23. Rxc2 Bc5 24. Nc6 a5 25. h3 Nd5 $11 26. Bb5 N7f6
27. Be5 Nb4 28. Nxb4 Bxb4 29. Bd4 Rb8 30. Rc6 Nd7 31. Rc7 Nc5 32. Be5 Rd8 33.
Bd4 h6 34. Rc6 Rb8 35. Be5 Rb7 36. Rc8+ Kh7 37. Bc6 Ra7 38. Bc7 a4 39. Bxb6
axb3 40. axb3 Ra1+ $11 41. Kh2 Nxb3 42. g4 Ra6 43. Bd8 Nd2 44. Bb5 Rd6 45. Ba4
Rd5 46. Bc2+ f5 47. gxf5 exf5 48. Kg2 Kg6 49. Bb6 Be7 50. Bd4 Bf6 51. Bxf6 Kxf6
52. Rf8+ Ke6 53. h4 Rc5 54. Bd3 h5 55. Kg3 Nc4 56. Kf4 Nd6 57. Be2 Rc2 58. Kf3
1/2-1/2

[Event "Offene Hessische Senioren Einzelmeisters"]
[Site "Bad Sooden- Allendorf"]
[Date "2013.04.22"]
[Round "3.40"]
[White "Montsma, Foppe-Jan"]
[Black "Becker, Günter"]
[Result "1-0"]
[WhiteElo "1906"]
[BlackElo "1674"]
[PlyCount "91"]
[EventDate "2013.??.??"]
[BlackTeam "SC Steinbach"]

1. e4 c6 2. d4 d5 3. e5 g6 4. Be3 Bg7 5. Qd2 Bf5 6. Bd3 Bxd3 7. Qxd3 e6 8. Nf3
Nd7 9. Qb3 Qc7 10. Nbd2 c5 11. c4 cxd4 12. Bxd4 Ne7 13. cxd5 Nxd5 14. O-O Rc8
15. Qa3 a6 16. b3 Nxe5 17. Rfc1 Nxf3+ 18. Nxf3 Qd7 19. Bxg7 Rg8 20. Rxc8+ Qxc8
21. Rc1 Qd7 22. Qb2 Ke7 23. Qa3+ Ke8 24. Bd4 f6 25. Qa4 Qxa4 26. bxa4 Kd7 27.
Kf1 e5 28. Be3 Nxe3+ 29. fxe3 Kd6 30. Ke2 Rg7 31. Nd2 Rd7 32. Rb1 f5 33. Nc4+
Ke6 34. Rb6+ Kd5 35. Na5 Kc5 36. Rxb7 Rxb7 37. Nxb7+ Kb4 38. a5 e4 39. Kd2 h6
40. Nd6 Kxa5 41. Nf7 Kb4 42. Nxh6 Ka3 43. h4 Kxa2 44. Nxf5 Kb2 45. Nd4 a5 46.
g4 1-0

[Event "Offene Hessische Senioren Einzelmeisters"]
[Site "Bad Sooden- Allendorf"]
[Date "2013.04.22"]
[Round "3.41"]
[White "Papenkordt, Karl-Hermann"]
[Black "Ditmas, Hugh"]
[Result "1/2-1/2"]
[WhiteElo "1648"]
[BlackElo "1902"]
[Annotator ",Microsoft"]
[PlyCount "63"]
[EventDate "2013.??.??"]
[WhiteTeam "SG Witten"]
[BlackTeam "Bremer SG von 1877"]

1. c4 Nf6 2. Nc3 e6 3. d4 Bb4 4. e3 O-O 5. Bd3 d5 6. Nge2 b6 7. O-O Bb7 8. Qc2
Nbd7 9. Bd2 Re8 10. cxd5 exd5 11. a3 Bf8 12. f3 c5 13. Ng3 g6 14. f4 Ng4 15.
Rae1 cxd4 16. exd4 Nxh2 17. Rxe8 Qh4 18. Rxa8 Bxa8 19. Nf5 gxf5 20. Bxf5 Nxf1
21. Kxf1 Nf6 22. Ne2 Bb7 $11 23. Qd3 Bd6 24. Qg3+ Qxg3 25. Nxg3 Ba6+ 26. Kf2
Kg7 27. Ke3 Bc4 28. Bc8 Bc7 29. Nf5+ Kg6 30. Ne7+ Kg7 31. Nf5+ Kg6 32. Ne7+
1/2-1/2

[Event "Offene Hessische Senioren Einzelmeisters"]
[Site "Bad Sooden- Allendorf"]
[Date "2013.04.22"]
[Round "3.42"]
[White "Schumacher, Helmut"]
[Black "Klüver, Horst"]
[Result "1-0"]
[WhiteElo "1902"]
[BlackElo "1644"]
[PlyCount "55"]
[EventDate "2013.??.??"]
[WhiteTeam "DJK Aufwärts St. Josef Aachen 19"]
[BlackTeam "SV Merkur Hademarschen"]

1. d4 d5 2. Nc3 Nf6 3. Bg5 Bf5 4. f3 h6 5. Bxf6 gxf6 6. e4 dxe4 7. fxe4 Bg6 8.
Nf3 e6 9. a3 c6 10. Be2 Qb6 11. Rb1 Nd7 12. b4 Qc7 13. O-O Be7 14. Bd3 Bh5 15.
Qe1 Bd6 16. Qh4 Bg6 17. e5 Be7 18. Bxg6 fxg6 19. Qg4 Nf8 20. exf6 Bxf6 21. Ne4
Be7 22. Ne5 h5 23. Qh3 O-O-O 24. c3 Rg8 25. Rf7 Rh8 26. Rbf1 Kb8 27. Rxe7 Qxe7
28. Rf7 1-0

[Event "Offene Hessische Senioren Einzelmeisters"]
[Site "Bad Sooden- Allendorf"]
[Date "2013.04.22"]
[Round "3.43"]
[White "Fromme, Werner"]
[Black "Kotlar, Alfred"]
[Result "0-1"]
[WhiteElo "1643"]
[BlackElo "1898"]
[PlyCount "100"]
[EventDate "2013.??.??"]
[WhiteTeam "SG Witten"]
[BlackTeam "SK Recklinghausen Altsta"]

1. d4 d5 2. Nf3 Bf5 3. e3 Nf6 4. Bd3 Bg4 5. Nbd2 e6 6. h3 Bh5 7. c3 Nbd7 8. Qc2
c5 9. b3 cxd4 10. exd4 Rc8 11. a3 Bd6 12. Bb2 O-O 13. g4 Bg6 14. Bxg6 hxg6 15.
O-O Nh7 16. Rfe1 Ng5 17. Kg2 Re8 18. Ne5 Nxe5 19. dxe5 Bc5 20. Qd3 Qe7 21. f4
Nh7 22. Nf3 Rc7 23. a4 a6 24. Rac1 Rec8 25. Re2 Ba3 26. Nd4 Bc5 27. g5 Qd8 28.
Rec2 Nf8 29. Kg3 Nd7 30. h4 Be7 31. Kg4 Nc5 32. Qe3 Ne4 33. Kf3 Bc5 34. Qd3 Bb6
35. Ba3 Bc5 36. Bxc5 Nxc5 37. Qe3 Nd7 38. Qd3 Qe7 39. Ra1 Qc5 40. Ne2 Qb6 41.
b4 Rc4 42. a5 Qc7 43. Rac1 Nb8 44. Nd4 Nc6 45. Nb3 Nxb4 46. cxb4 Rxc2 47. Rxc2
Qxc2 48. Nc5 Qxd3+ 49. Nxd3 Rc3 50. Ke2 Rc4 0-1

[Event "Offene Hessische Senioren Einzelmeisters"]
[Site "Bad Sooden- Allendorf"]
[Date "2013.04.22"]
[Round "3.44"]
[White "Fritsch, Wolfgang"]
[Black "Nagorni, Walter"]
[Result "0-1"]
[WhiteElo "1613"]
[BlackElo "1876"]
[PlyCount "73"]
[EventDate "2013.??.??"]
[WhiteTeam "SV Empor Bad Langensalza"]
[BlackTeam "SG Weiß-Blau Eilenriede"]

1. e4 c5 2. Nf3 Nc6 3. d4 cxd4 4. Nxd4 g6 5. Nxc6 bxc6 6. c4 Bg7 7. Qc2 d6 8.
Bd2 Nf6 9. Nc3 O-O 10. Be2 Rb8 11. O-O Be6 12. Rab1 Qc7 13. Rfd1 Nd7 14. Bf4 f5
15. Bg5 Ne5 16. f3 Nxc4 17. Nd5 cxd5 18. exd5 Qb6+ 19. Kh1 Ne3 20. Bxe3 Qxe3
21. dxe6 Rfc8 22. Qd2 Qxd2 23. Rxd2 Bh6 24. Rdd1 Rc2 25. Bd3 Rcxb2 26. Rxb2
Rxb2 27. Bc4 Kg7 28. Bb3 Kf6 29. h3 Bf4 30. Kg1 Bg3 31. Bc4 Kg5 32. Bb3 Be5 33.
Kf1 Kf4 34. Re1 Kg3 35. Bd5 Rf2+ 36. Kg1 Rxg2+ 37. Kf1 0-1

[Event "Offene Hessische Senioren Einzelmeisters"]
[Site "Bad Sooden- Allendorf"]
[Date "2013.04.22"]
[Round "3.45"]
[White "Van Houten, Henk"]
[Black "Mentel, Dr. Jürgen"]
[Result "0-1"]
[WhiteElo "1609"]
[BlackElo "1852"]
[PlyCount "65"]
[EventDate "2013.??.??"]
[WhiteTeam "SC Gronau 1920 e.V."]
[BlackTeam "Greifswalder SV"]

1. b3 e5 2. Bb2 Nc6 3. a3 f5 4. g3 Nf6 5. c4 d5 6. cxd5 Qxd5 7. f3 Be6 8. b4 a6
9. Nc3 Qd7 10. e3 Be7 11. Nge2 Rd8 12. Nc1 O-O 13. Be2 Ne8 14. d3 f4 15. exf4
exf4 16. gxf4 Bh4+ 17. Kd2 Qd4 18. Kc2 Qxf4 19. Ne4 Nd4+ 20. Bxd4 Rxd4 21. Nb3
Bxb3+ 22. Kxb3 Nd6 23. Qc1 Qf7+ 24. Kc2 a5 25. Qb2 Rd5 26. Rag1 Nf5 27. Kd2 Nd4
28. Rg4 Bf6 29. Nxf6+ Qxf6 30. Kd1 Nxf3 31. Qxf6 Rxf6 32. Bxf3 Rxf3 33. d4 0-1

[Event "Offene Hessische Senioren Einzelmeisters"]
[Site "Bad Sooden- Allendorf"]
[Date "2013.04.22"]
[Round "3.46"]
[White "Krotofil, Kurt"]
[Black "Berger, Eduard"]
[Result "1-0"]
[WhiteElo "1834"]
[BlackElo "1637"]
[PlyCount "75"]
[EventDate "2013.??.??"]
[WhiteTeam "Niendorfer TSV 1919 SAbt"]
[BlackTeam "SK Stadtallendorf"]

1. d4 Nf6 2. c4 g6 3. Nc3 Bg7 4. e4 d6 5. f3 c6 6. Be3 O-O 7. Qd2 e5 8. d5 Ne8
9. h4 f5 10. h5 f4 11. Bf2 g5 12. Be2 Rf7 13. O-O-O Bf8 14. Nh3 Rg7 15. Kb1 Nf6
16. dxc6 bxc6 17. c5 Be6 18. cxd6 Nbd7 19. g4 fxg3 20. Nxg5 Qe8 21. Nxe6 Qxe6
22. Be3 g2 23. Rhg1 Nxh5 24. b3 Qf6 25. Bc4+ Kh8 26. Rxg2 Qxf3 27. Rxg7 Bxg7
28. Rf1 Qh3 29. Rg1 Ng3 30. Ne2 Nxe2 31. Qxe2 Nf6 32. Bg5 Rf8 33. Bxf6 Rxf6 34.
Qd2 Qd7 35. Rd1 Bf8 36. Qg5 Rg6 37. Qxe5+ Bg7 38. Qe7 1-0

[Event "Offene Hessische Senioren Einzelmeisters"]
[Site "Bad Sooden- Allendorf"]
[Date "2013.04.22"]
[Round "3.47"]
[White "Roth, Reinhard"]
[Black "Perk, Egbert"]
[Result "0-1"]
[WhiteElo "1604"]
[BlackElo "1834"]
[PlyCount "102"]
[EventDate "2013.??.??"]
[WhiteTeam "Sfr. Taunus Königstein/Schwalbac"]
[BlackTeam "SK Lister Turm"]

1. e4 g6 2. d4 Bg7 3. Nf3 c5 4. c3 cxd4 5. cxd4 Nf6 6. Nc3 O-O 7. e5 Ne8 8. Bf4
d5 9. Qd2 a6 10. h4 h5 11. Bh6 Nc6 12. a3 Nc7 13. b4 Bg4 14. Rc1 Bxf3 15. Bxg7
Kxg7 16. gxf3 Ne6 17. Ne2 Qb6 18. Rd1 f5 19. Rg1 Kh7 20. Qe3 Ncd8 21. f4 Rg8
22. Nc3 Nc7 23. Na4 Qa7 24. Be2 Nde6 25. Nc5 b6 26. Nxe6 Nxe6 27. Bf3 Qd7 28.
Be2 b5 29. Rg3 Rac8 30. Kf1 Rc6 31. Kg2 Rc2 32. Kh1 Nxf4 33. Qxf4 Rxe2 34. f3
e6 35. Rdg1 Qe7 36. Rg5 Rc2 37. Qg3 Rc6 38. f4 Qf7 39. Qe3 Rc4 40. R5g2 Qc7 41.
Rd2 Rc1 42. Rd3 Rxg1+ 43. Kxg1 Rc8 44. Qe1 Qc2 45. Qf1 Qb2 46. a4 bxa4 47. Rd1
a3 48. Qxa6 Qc2 49. Ra1 Rc7 50. Qxa3 Qe4 51. Qb2 Rc2 0-1

[Event "Offene Hessische Senioren Einzelmeisters"]
[Site "Bad Sooden- Allendorf"]
[Date "2013.04.22"]
[Round "3.48"]
[White "Leutz, Hans"]
[Black "Kienel, Norbert"]
[Result "1/2-1/2"]
[WhiteElo "1832"]
[BlackElo "1611"]
[PlyCount "62"]
[EventDate "2013.??.??"]
[WhiteTeam "SV Ebersbach"]
[BlackTeam "SV Osnabrück"]

1. d4 Nf6 2. Nf3 d5 3. e3 e6 4. Bd3 Bd6 5. Nbd2 O-O 6. O-O Nbd7 7. Re1 e5 8. e4
dxe4 9. Nxe4 Nxe4 10. Rxe4 Nf6 11. Bg5 exd4 12. Rxd4 h6 13. Bf4 Qe7 14. Bxd6
cxd6 15. Rxd6 Kh8 16. Rd4 Be6 17. Qd2 Rad8 18. Re1 Qc5 19. Qb4 Qc7 20. Rxd8
Rxd8 21. h3 Nd5 22. Qa3 b6 23. Nd4 Nf4 24. Nxe6 Nxe6 25. Qa4 g6 26. Qc4 Qb8 27.
Qc3+ Kg8 28. Qf6 Ng5 29. Bxg6 Rd6 30. Bxf7+ Nxf7 31. Qf4 Qd8 1/2-1/2